|
|
|
|
| LEADER |
00000nam0a2200000 4500 |
| 001 |
18159 |
| 005 |
20231030191203.0 |
| 010 |
|
|
|a 5871150039
|
| 035 |
|
|
|a (RuTPU)RU\TPU\book\18308
|
| 035 |
|
|
|a BOOK00018377
|
| 090 |
|
|
|a 18159
|
| 100 |
|
|
|a 20011209d1994 km y0rusy50 ca
|
| 101 |
1 |
|
|a rus
|
| 102 |
|
|
|a RU
|
| 105 |
|
|
|a a z 000zy
|
| 200 |
1 |
|
|a Мир управления проектами
|e Основы, методы, организация, применение
|f Под ред. Х. Решке, Х. Шелле
|
| 210 |
|
|
|a Москва
|c Аланс
|d 1994
|
| 215 |
|
|
|a 303 с.
|c ил.
|
| 225 |
1 |
|
|a Библиотека управления проектами
|
| 610 |
1 |
|
|a экономика
|
| 610 |
1 |
|
|a управление
|
| 610 |
1 |
|
|a проекты
|
| 610 |
1 |
|
|a инжиниринг
|
| 675 |
|
|
|a 651.01
|v 3
|
| 702 |
|
1 |
|a Решке
|b Х.
|g Хассо
|4 340
|
| 702 |
|
1 |
|a Шелле
|b Х.
|4 340
|
| 801 |
|
0 |
|a RU
|b 63413507
|c 20011209
|g PSBO
|
| 801 |
|
2 |
|a RU
|b 63413507
|c 20191106
|g PSBO
|
| 942 |
|
|
|c BK
|